000 00307 a2200145 4500
001 48846
040 _cAnchieta - Bela Vista
100 _aCunha, Leo
240 1 0 _aPela estrada afora
_lpor
245 1 0 _aPela estrada afora
300 _a43
362 0 _a1993
650 4 _aLiteratura juvenil
942 _cBK
999 _c48846
_d48846